Pension planning : (Record no. 1688)

000 -LEADER
fixed length control field nam a22 a 4500
003 - CONTROL NUMBER IDENTIFIER
control field AKMAL
005 - DATE AND TIME OF LATEST TRANSACTION
control field 20170511124345.0
008 - FIXED-LENGTH DATA ELEMENTS--GENERAL INFORMATION
fixed length control field 170511r19811966-us 00 eng d
020 ## - INTERNATIONAL STANDARD BOOK NUMBER
International Standard Book Number 0256030812
040 ## - CATALOGING SOURCE
Original cataloging agency AKMAL
Transcribing agency AKMAL
082 04 - DEWEY DECIMAL CLASSIFICATION NUMBER
Classification number 331.252 ALL
090 00 - LOCALLY ASSIGNED LC-TYPE CALL NUMBER (OCLC); LOCAL CALL NUMBER (RLIN)
Classification number (OCLC) (R) ; Classification number, CALL (RLIN) (NR) 331.252
Local cutter number (OCLC) ; Book number/undivided call number, CALL (RLIN) ALL
100 1# - MAIN ENTRY--PERSONAL NAME
Personal name Allen, Everett T.
9 (RLIN) 3464
245 10 - TITLE STATEMENT
Title Pension planning :
Remainder of title pensions, profit sharing and other deferred compensation plans /
Statement of responsibility, etc. Everett T. Allen
250 ## - EDITION STATEMENT
Edition statement 4th. ed
260 ## - PUBLICATION, DISTRIBUTION, ETC.
Place of publication, distribution, etc. Illinois :
Name of publisher, distributor, etc. Richard,
Date of publication, distribution, etc. 1981
300 00 - PHYSICAL DESCRIPTION
Extent xii, 473p. ;
Dimensions 24cm
650 #0 - SUBJECT ADDED ENTRY--TOPICAL TERM
Topical term or geographic name entry element Old age pensions
Geographic subdivision United States
9 (RLIN) 3465
650 #0 - SUBJECT ADDED ENTRY--TOPICAL TERM
Topical term or geographic name entry element Pensions trusts
Geographic subdivision United States
9 (RLIN) 3466
700 1# - ADDED ENTRY--PERSONAL NAME
Personal name Melone, Joseph J.
9 (RLIN) 3467
700 1# - ADDED ENTRY--PERSONAL NAME
Personal name Rosenbloom, Jerry S.
9 (RLIN) 3468
942 ## - ADDED ENTRY ELEMENTS (KOHA)
Source of classification or shelving scheme
Koha item type Book
Holdings
Withdrawn status Lost status Source of classification or shelving scheme Damaged status Not for loan Collection code Home library Current library Shelving location Date acquired Inventory number Total Checkouts Full call number Barcode Date last seen Price effective from Koha item type
          NON-FICTION AKMAL Melaka AKMAL Melaka PINJAMAN 11.05.2017 301464   331.252 ALL 201705447 11.05.2017 11.05.2017 Book
          NON-FICTION AKMAL Melaka AKMAL Melaka PINJAMAN 11.05.2017 301585   331.252 ALL 201705448 11.05.2017 11.05.2017 Book
Pusat Sumber Maklumat Dato' Haji Sarmin Md Hussin, Akademi Kastam Diraja Malaysia, Melaka
Tel: 06-2331106 | Faks: 06-2313787